| Tag |
First Indicator |
Second Indicator |
Subfields |
| LEADER |
00000cam a2200000Mi 4500 |
| 001 |
in00003560021 |
| 006 |
m o d |
| 007 |
cr mnu---uuaaa |
| 008 |
110218s2004 gw o 000 0 eng |
| 005 |
20260421170802.6 |
| 020 |
|
|
|a 9783642186578 (electronic bk.)
|
| 020 |
|
|
|a 3642186572 (electronic bk.)
|
| 020 |
|
|
|z 9783642622281
|
| 020 |
|
|
|z 3642622283
|
| 020 |
|
|
|z 3642186572
|
| 035 |
|
|
|a (OCoLC)851823396
|
| 040 |
|
|
|a AU@
|b eng
|e pn
|c AU@
|d OCLCO
|d GW5XE
|d OCLCQ
|d OCLCF
|d UtOrBLW
|
| 049 |
|
|
|a TXAM
|
| 050 |
|
4 |
|a TA1750-1750.22
|
| 072 |
|
7 |
|a TJFD
|2 bicssc
|
| 072 |
|
7 |
|a TEC021000
|2 bisacsh
|
| 072 |
|
7 |
|a TEC008080
|2 bisacsh
|
| 082 |
0 |
4 |
|a 620.11295
|2 23
|
| 082 |
0 |
4 |
|a 620.11297
|2 23
|
| 100 |
1 |
|
|a Holtz, P.-O.
|q (Per-Olof)
|
| 245 |
1 |
0 |
|a Impurities Confined in Quantum Structures /
|c by Per Olof Holtz, Qing Xiang Zhao.
|
| 264 |
|
1 |
|a Berlin, Heidelberg :
|b Springer Berlin Heidelberg,
|c 2004.
|
| 300 |
|
|
|a 1 online resource (viii, 138 pages)
|
| 336 |
|
|
|a text
|b txt
|2 rdacontent
|
| 337 |
|
|
|a computer
|b c
|2 rdamedia
|
| 338 |
|
|
|a online resource
|b cr
|2 rdacarrier
|
| 490 |
1 |
|
|a Springer series in materials science,
|x 0933-033X ;
|v 77
|
| 505 |
0 |
|
|a Quantum Wells -- Impurities in Bulk -- Confined Neutral Donor States -- Negatively Charged Donor States -- Confined Acceptor States -- High Doping Regime -- Hydrogen Passivation -- Conclusions.
|
| 520 |
|
|
|a The introduction of impurities, even in very small concentrations, in a semiconductor can change its optical and electrical properties entirely. This attribute of the semiconductor is utilized in the manifoldness of their applications. In this book, the progress on elucidating the physical properties of impurities confined in quantum structures are reviewed with an emphasis on the experimental aspects. The major results of various kinds of characterization, such as infrared spectroscopy, Raman measurements, luminescence characterization, perturbation spectroscopy and dynamical studies of the confined impurities are reviewed, but also the theoretical basis to calculate the electronic structure of the confined donors and acceptors are presented. This monograph also describes more specific aspects of the confined impurities such as the properties in the high doping regime and the effects of hydrogen passivation.
|
| 500 |
|
|
|a Electronic resource.
|
| 650 |
|
0 |
|a Electronics.
|
| 650 |
|
0 |
|a Optical materials.
|
| 650 |
|
7 |
|a Electronics.
|2 fast
|0 (OCoLC)fst00907538
|
| 650 |
|
7 |
|a Optical materials.
|2 fast
|0 (OCoLC)fst01046768
|
| 655 |
|
7 |
|a Electronic books.
|2 local
|
| 700 |
1 |
|
|a Zhao, Q. X.
|q (Qing Xiang)
|
| 710 |
2 |
|
|a SpringerLink (Online service)
|
| 776 |
1 |
8 |
|i Print version:
|z 9783642622281
|
| 830 |
|
0 |
|a Springer series in materials science ;
|v 77.
|
| 856 |
4 |
0 |
|u http://proxy.library.tamu.edu/login?url=https://link.springer.com/10.1007/978-3-642-18657-8
|z Connect to the full text of this electronic book
|t 0
|
| 994 |
|
|
|a 92
|b TXA
|
| 999 |
|
|
|a MARS
|
| 999 |
f |
f |
|s 32e7c374-4597-318f-82ef-2677385772c2
|i 0894a3bd-679e-3a78-8b33-fe54a48867a3
|t 0
|
| 952 |
f |
f |
|a Texas A&M University
|b College Station
|c Electronic Resources
|s www_evans
|d Available Online
|t 0
|e TA1750-1750.22
|h Library of Congress classification
|
| 998 |
f |
f |
|a TA1750-1750.22
|t 0
|l Available Online
|